000 00418nam a2200157Ia 4500
008 240729s9999 xx 000 0 und d
022 _a2667-3967
245 0 _aFoot & Ankle Surgery: Techniques, Reports & Cases
260 _aUnited States
260 _bElsevier
650 _a Surgery
650 _aMedicine
856 _uhttps://doaj.org/toc/8bf4c05c43d34781a96a8124fb4a39a6
942 _2ddc
942 _cDOAJEJ
999 _c66665
_d66665
945 _a1
_bMadushi Gamage
_c1
_dMadushi Gamage